000 00422nam a2200169Ia 4500
001 11172
008 140331s9999 xx 000 0 und d
020 _a0-19-505790-2
040 _cPK-LaUMT
082 _a 277
_bCAR-R
100 _aCarpenter, Joel A.
245 _aRevive us again : The reawkening of American fundamentalism
_cCarpenter, Joel A.
260 _c1997
300 _a335 p.
546 _aEN
942 _cBK
999 _c12079
_d12079